[Event "C14"]
[Site "?"]
[Date "2016.08.06"]
[Round "5.3"]
[White "Polczyk, Mikolaj"]
[Black "Szpar, Milosz"]
[Result "0-1"]
[LiveChessVersion "1.4.8"]
[BlackElo "2000"]
[WhiteElo "1830"]

1. c4 {[%clk 0:03:03]} e5 {[%clk 0:03:02]} 2. Nc3 {[%clk 0:03:04]} g6
{[%clk 0:03:03]} 3. Nf3 {[%clk 0:03:04]} Bg7 {[%clk 0:03:04]} 4. g3
{[%clk 0:03:05]} Nc6 {[%clk 0:03:05]} 5. Bg2 {[%clk 0:03:05]} d6 {[%clk 0:03:04]}
6. O-O {[%clk 0:03:04]} Nge7 {[%clk 0:03:06]} 7. e3 {[%clk 0:03:04]} Be6
{[%clk 0:02:56]} 8. Qe2 {[%clk 0:02:58]} O-O {[%clk 0:02:41]} 9. d3
{[%clk 0:02:54]} h6 {[%clk 0:02:37]} 10. Bd2 {[%clk 0:02:55]} d5 {[%clk 0:02:29]}
11. cxd5 {[%clk 0:02:45]} Nxd5 {[%clk 0:02:30]} 12. Rac1 {[%clk 0:02:38]} Ndb4
{[%clk 0:02:14]} 13. Ne1 {[%clk 0:02:39]} Nxa2 {[%clk 0:02:09]} 14. Nxa2
{[%clk 0:02:40]} Bxa2 {[%clk 0:02:09]} 15. Bxc6 {[%clk 0:02:41]} bxc6
{[%clk 0:02:10]} 16. Rxc6 {[%clk 0:02:42]} Bd5 {[%clk 0:02:06]} 17. Rc1
{[%clk 0:02:38]} Qd7 {[%clk 0:02:01]} 18. Ng2 {[%clk 0:01:26]} Rfd8
{[%clk 0:01:55]} 19. Rc3 {[%clk 0:01:12]} Rab8 {[%clk 0:01:53]} 20. Bc1
{[%clk 0:00:59]} Rb7 {[%clk 0:01:24]} 21. e4 {[%clk 0:01:00]} Be6
{[%clk 0:01:23]} 22. Be3 {[%clk 0:01:01]} Rdb8 {[%clk 0:01:20]} 23. Rc2
{[%clk 0:00:58]} f5 {[%clk 0:01:06]} 24. Rfc1 {[%clk 0:00:54]} Bb3
{[%clk 0:00:52]} 25. Rc6 {[%clk 0:00:43]} Be6 {[%clk 0:00:52]} 26. R6c2
{[%clk 0:00:42]} g5 {[%clk 0:00:42]} 27. f4 {[%clk 0:00:28]} exf4
{[%clk 0:00:34]} 28. gxf4 {[%clk 0:00:29]} Rxb2 {[%clk 0:00:31]} 29. fxg5
{[%clk 0:00:27]} fxe4 {[%clk 0:00:26]} 30. dxe4 hxg5 31. Bxg5 {[%clk 0:00:29]}
Rxc2 {[%clk 0:00:20]} 32. Qxc2 {[%clk 0:00:27]} Rb2 {[%clk 0:00:17]} 33. Qxc7
{[%clk 0:00:25]} Qxc7 {[%clk 0:00:16]} 34. Rxc7 {[%clk 0:00:26]} Bd4+
{[%clk 0:00:15]} 35. Be3 {[%clk 0:00:22]} Rxg2+ {[%clk 0:00:13]} 36. Kxg2
{[%clk 0:00:24]} Bxe3 {[%clk 0:00:14]} 37. Re7 {[%clk 0:00:22]} Bf7
{[%clk 0:00:14]} 38. e5 {[%clk 0:00:23]} Bd5+ {[%clk 0:00:14]} 39. Kg3
{[%clk 0:00:24]} Kf8 {[%clk 0:00:14]} 40. Rd7 {[%clk 0:00:25]} Be6
{[%clk 0:00:14]} 41. Rb7 {[%clk 0:00:25]} Bd5 {[%clk 0:00:11]} 0-1

[Event "C14"]
[Site "?"]
[Date "2016.08.06"]
[Round "5.4"]
[White "Kozak, Antoni"]
[Black "Szczurek, Krzysztof"]
[Result "1-0"]
[LiveChessVersion "1.4.8"]
[BlackElo "1939"]
[WhiteElo "1772"]

1. e4 {[%clk 0:03:03]} c5 {[%clk 0:03:03]} 2. Nf3 {[%clk 0:03:04]} d6
{[%clk 0:03:03]} 3. Bb5+ {[%clk 0:03:05]} Bd7 {[%clk 0:03:05]} 4. Bxd7+
{[%clk 0:03:06]} Nxd7 {[%clk 0:03:05]} 5. O-O {[%clk 0:03:06]} Ngf6
{[%clk 0:03:06]} 6. Qe2 {[%clk 0:03:08]} g6 {[%clk 0:03:06]} 7. c3
{[%clk 0:03:07]} Bg7 {[%clk 0:03:07]} 8. d4 {[%clk 0:03:08]} O-O {[%clk 0:03:01]}
9. e5 {[%clk 0:03:09]} Nd5 {[%clk 0:02:44]} 10. e6 {[%clk 0:03:07]} N7f6
{[%clk 0:02:43]} 11. exf7+ {[%clk 0:02:54]} Kh8 {[%clk 0:02:26]} 12. c4
{[%clk 0:02:37]} Nb4 {[%clk 0:02:19]} 13. d5 {[%clk 0:02:31]} Qd7
{[%clk 0:02:11]} 14. a3 {[%clk 0:02:30]} Na6 {[%clk 0:02:09]} 15. Ng5
{[%clk 0:02:31]} Nc7 {[%clk 0:01:38]} 16. Nc3 {[%clk 0:02:21]} h6
{[%clk 0:01:32]} 17. Ne6 {[%clk 0:02:22]} Rxf7 {[%clk 0:01:25]} 18. Bd2
{[%clk 0:02:10]} Kh7 {[%clk 0:00:46]} 19. Rae1 {[%clk 0:02:11]} Bh8
{[%clk 0:00:43]} 20. Qd3 {[%clk 0:01:59]} Rg8 {[%clk 0:00:32]} 21. Re2
{[%clk 0:02:00]} Ng4 {[%clk 0:00:22]} 22. Qh3 {[%clk 0:01:49]} h5
{[%clk 0:00:16]} 23. Ng5+ {[%clk 0:01:42]} Kg7 {[%clk 0:00:17]} 24. Nxf7
{[%clk 0:01:43]} Kxf7 {[%clk 0:00:17]} 25. Rfe1 {[%clk 0:01:42]} Bf6
{[%clk 0:00:16]} 26. Ne4 {[%clk 0:01:00]} Be5 {[%clk 0:00:11]} 27. Ng5+
{[%clk 0:00:55]} Kg7 {[%clk 0:00:09]} 28. f4 {[%clk 0:00:33]} Bf6
{[%clk 0:00:08]} 29. Bc3 {[%clk 0:00:28]} Re8 {[%clk 0:00:05]} 30. Bxf6+
{[%clk 0:00:25]} Kxf6 {[%clk 0:00:06]} 31. Ne6 {[%clk 0:00:25]} Nxe6
{[%clk 0:00:05]} 32. Rxe6+ {[%clk 0:00:25]} Kf7 {[%clk 0:00:04]} 33. Qd3
{[%clk 0:00:26]} Nf6 {[%clk 0:00:06]} 34. f5 {[%clk 0:00:23]} g5 {[%clk 0:00:07]}
35. Qc3 {[%clk 0:00:21]} Rg8 {[%clk 0:00:07]} 36. Qe3 {[%clk 0:00:21]} Re8
{[%clk 0:00:04]} 37. Qxg5 {[%clk 0:00:22]} Rg8 {[%clk 0:00:04]} 38. Rxe7+
{[%clk 0:00:15]} Qxe7 {[%clk 0:00:05]} 39. Rxe7+ {[%clk 0:00:16]} Kxe7
{[%clk 0:00:06]} 40. Qe3+ {[%clk 0:00:17]} Kf7 {[%clk 0:00:06]} 41. Qe6+
{[%clk 0:00:18]} Kg7 {[%clk 0:00:07]} 42. Qe7+ {[%clk 0:00:19]} Kh6
{[%clk 0:00:06]} 43. Qxf6+ {[%clk 0:00:20]} Kh7 {[%clk 0:00:08]} 44. Qf7+
{[%clk 0:00:20]} Rg7 {[%clk 0:00:09]} 45. Qxh5+ {[%clk 0:00:21]} Kg8
{[%clk 0:00:10]} 46. f6 {[%clk 0:00:22]} Rf7 {[%clk 0:00:11]} 47. Qg6+
{[%clk 0:00:23]} Kf8 {[%clk 0:00:12]} 48. h4 {[%clk 0:00:24]} a6 {[%clk 0:00:12]}
49. h5 {[%clk 0:00:25]} b5 {[%clk 0:00:13]} 50. h6 {[%clk 0:00:26]} bxc4
{[%clk 0:00:14]} 51. h7 {[%clk 0:00:25]} 1-0

[Event "C14"]
[Site "?"]
[Date "2016.08.06"]
[Round "5.5"]
[White "Dytman, Radoslaw"]
[Black "Pytel, Maciej"]
[Result "0-1"]
[LiveChessVersion "1.4.8"]
[BlackElo "1783"]
[WhiteElo "1802"]

1. e4 c5 2. Nf3 e6 3. d4 cxd4 4. Nxd4 a6 5. Nc3 Qc7 6. g3 b5 7. Bg2 Bb7 8. O-O
Nf6 9. a3 d6 10. Be3 Nbd7 11. f4 Be7 12. f5 e5 13. Nde2 O-O 14. h3 Nb6 15. g4 Nc4
16. Qc1 Nxe3 17. Qxe3 d5 18. Qd3 dxe4 19. Nxe4 Nxe4 20. Bxe4 Bxe4 21. Qxe4 Rac8
22. Nc3 Bc5+ 23. Kg2 Bd4 24. Rf3 f6 25. Rd1 Qc4 26. Qd3 Qxd3 27. Rfxd3 a5 28.
Nxb5 Rxc2+ 29. R1d2 Rxd2+ 30. Rxd2 Bb6 31. Rd6 Rb8 32. a4 Bc5 33. Ra6 Bb4 34. Rc6
Rd8 35. Rc2 h6 36. Kf3 Rd3+ 37. Kg2 e4 38. Re2 e3 39. Kf3 Bd2 40. Nc3 Bxc3 41.
bxc3 Rxc3 42. Rxe3 Rc4 43. Re4 Rc3+ 44. Re3 Rc4 45. Re4 Rc3+ 46. Re3 Rc5 47. Rb3
Rc4 48. Ra3 Kf7 49. Ke3 Ke7 50. Kf3 Kf7 51. Ke3 g6 52. fxg6+ Kxg6 53. Kf3 f5 54.
gxf5+ Kxf5 55. Kg3 Ke5 56. Kf3 Kd5 57. Kg3 Kc5 58. Kf3 Kb4 59. Ra1 Rc3+ 60. Kg4
Ra3 61. Rb1+ Kxa4 62. h4 Rc3 63. Kh5 Rc6 64. Ra1+ Kb4 65. Rb1+ Kc5 66. Ra1 Kb6
67. Rb1+ Ka6 68. Ra1 Rc4 69. Rb1 a4 70. Ra1 Ka5 71. Rb1 a3 72. Rb8 Ka4 73. Ra8+
Kb3 74. Rb8+ Rb4 75. Ra8 a2 76. Rxa2 Kxa2 77. Kxh6 {[%clk 0:00:00]} Rxh4+ 0-1

[Event "C14"]
[Site "?"]
[Date "2016.08.06"]
[Round "6.1"]
[White "Pacan-milej, Kosma"]
[Black "Teclaf, Pawel"]
[Result "0-1"]
[LiveChessVersion "1.4.8"]
[BlackElo "2233"]
[WhiteElo "1703"]

1. d4 {[%clk 0:03:04]} Nf6 {[%clk 0:03:04]} 2. c4 {[%clk 0:03:05]} g6
{[%clk 0:03:05]} 3. f3 {[%clk 0:03:06]} e5 {[%clk 0:03:06]} 4. dxe5
{[%clk 0:03:07]} Nh5 {[%clk 0:03:06]} 5. Nh3 {[%clk 0:03:04]} Nc6
{[%clk 0:03:03]} 6. Nf2 {[%clk 0:03:03]} Nxe5 {[%clk 0:02:37]} 7. e4
{[%clk 0:02:53]} Bc5 {[%clk 0:02:28]} 8. Be2 {[%clk 0:01:38]} Qh4
{[%clk 0:02:05]} 9. g3 {[%clk 0:01:18]} Nxg3 {[%clk 0:01:26]} 10. hxg3
{[%clk 0:01:20]} Qxg3 {[%clk 0:01:27]} 11. Rf1 {[%clk 0:01:08]} d6
{[%clk 0:01:28]} 12. b4 {[%clk 0:00:46]} Bxb4+ {[%clk 0:01:12]} 13. Bd2
{[%clk 0:00:28]} Bc5 {[%clk 0:01:14]} 14. Qb3 {[%clk 0:00:21]} Bh3
{[%clk 0:00:59]} 15. Be3 {[%clk 0:00:21]} Bxf1 {[%clk 0:00:52]} 16. Kxf1
{[%clk 0:00:22]} O-O {[%clk 0:00:39]} 17. Bxc5 {[%clk 0:00:21]} dxc5
{[%clk 0:00:41]} 18. Na3 {[%clk 0:00:14]} f5 {[%clk 0:00:32]} 19. Qe3
{[%clk 0:00:11]} Rae8 {[%clk 0:00:21]} 20. Nc2 {[%clk 0:00:09]} fxe4
{[%clk 0:00:21]} 21. Nxe4 {[%clk 0:00:06]} Qh2 {[%clk 0:00:14]} 22. Qf2
{[%clk 0:00:05]} Qh1+ {[%clk 0:00:14]} 23. Qg1 {[%clk 0:00:06]} Qxg1+
{[%clk 0:00:15]} 24. Kxg1 {[%clk 0:00:07]} Nxf3+ {[%clk 0:00:16]} 25. Bxf3
{[%clk 0:00:07]} Rxf3 {[%clk 0:00:17]} 26. Re1 {[%clk 0:00:08]} Kg7
{[%clk 0:00:18]} 27. Kg2 {[%clk 0:00:09]} Rf5 {[%clk 0:00:17]} 28. Re3
{[%clk 0:00:05]} Rfe5 {[%clk 0:00:17]} 29. Kf3 {[%clk 0:00:06]} h5
{[%clk 0:00:15]} 30. Ne1 {[%clk 0:00:08]} g5 {[%clk 0:00:15]} 31. Nd3
{[%clk 0:00:08]} Rf5+ {[%clk 0:00:15]} 32. Kg2 {[%clk 0:00:09]} b6
{[%clk 0:00:15]} 33. Re1 {[%clk 0:00:08]} g4 {[%clk 0:00:14]} 34. Ng3
{[%clk 0:00:09]} Rff8 {[%clk 0:00:13]} 35. Nxh5+ {[%clk 0:00:09]} Kh6
{[%clk 0:00:14]} 36. Ng3 {[%clk 0:00:10]} Rxe1 {[%clk 0:00:14]} 37. Nxe1
{[%clk 0:00:11]} Rf4 {[%clk 0:00:15]} 38. Nd3 {[%clk 0:00:09]} Rxc4
{[%clk 0:00:16]} 39. Nf5+ {[%clk 0:00:09]} Kg5 {[%clk 0:00:17]} 40. Ne3
{[%clk 0:00:10]} Rc3 {[%clk 0:00:18]} 41. Kf2 {[%clk 0:00:11]} Rxd3
{[%clk 0:00:19]} 0-1

[Event "C14"]
[Site "?"]
[Date "2016.08.06"]
[Round "6.2"]
[White "Kosakowski, Jakub"]
[Black "Godzwon, Iwo"]
[Result "1-0"]
[LiveChessVersion "1.4.8"]
[BlackElo "1850"]
[WhiteElo "2191"]

1. e4 {[%clk 0:03:03]} c5 {[%clk 0:03:04]} 2. Nf3 {[%clk 0:03:04]} Nc6
{[%clk 0:03:06]} 3. Bb5 {[%clk 0:03:05]} g6 {[%clk 0:03:07]} 4. O-O Bg7 5. Re1
{[%clk 0:03:07]} e5 {[%clk 0:03:01]} 6. d3 {[%clk 0:03:04]} Nge7 {[%clk 0:03:01]}
7. a4 {[%clk 0:02:59]} O-O {[%clk 0:03:00]} 8. h3 {[%clk 0:02:59]} Nd4
{[%clk 0:02:56]} 9. Nxd4 {[%clk 0:02:59]} cxd4 {[%clk 0:02:57]} 10. Nd2
{[%clk 0:02:58]} d5 {[%clk 0:02:56]} 11. exd5 {[%clk 0:02:58]} Nxd5
{[%clk 0:02:57]} 12. Nf3 {[%clk 0:02:58]} a6 13. Bc4 {[%clk 0:02:58]} Re8
{[%clk 0:02:39]} 14. Bg5 {[%clk 0:02:53]} f6 {[%clk 0:02:38]} 15. Bh4
{[%clk 0:02:48]} Be6 {[%clk 0:02:39]} 16. Qd2 {[%clk 0:02:46]} Bf7
{[%clk 0:02:40]} 17. Nxe5 {[%clk 0:02:30]} Rxe5 {[%clk 0:02:30]} 18. Rxe5
{[%clk 0:02:30]} g5 {[%clk 0:02:31]} 19. Bxg5 {[%clk 0:02:18]} fxg5
{[%clk 0:02:31]} 20. Qxg5 {[%clk 0:02:18]} Qxg5 {[%clk 0:02:01]} 21. Rxg5
{[%clk 0:02:19]} Nf6 {[%clk 0:01:47]} 22. Bxf7+ {[%clk 0:02:19]} Kxf7
{[%clk 0:01:48]} 23. Re1 {[%clk 0:02:20]} Rc8 {[%clk 0:01:36]} 24. Re2
{[%clk 0:02:20]} h6 {[%clk 0:01:33]} 25. Rge5 {[%clk 0:02:20]} Bf8
{[%clk 0:01:33]} 26. g4 {[%clk 0:02:08]} Bd6 {[%clk 0:01:29]} 27. Rf5
{[%clk 0:02:09]} Rc5 {[%clk 0:01:10]} 28. Rxc5 {[%clk 0:02:00]} Bxc5
{[%clk 0:01:12]} 29. Re5 {[%clk 0:02:00]} Bd6 {[%clk 0:01:09]} 30. Rf5
{[%clk 0:02:01]} Ke6 {[%clk 0:00:59]} 31. Kg2 {[%clk 0:02:00]} Nd5
{[%clk 0:01:00]} 32. Kf3 {[%clk 0:02:00]} Nb4 {[%clk 0:01:01]} 33. Rh5
{[%clk 0:01:57]} Bf8 {[%clk 0:01:02]} 34. Ke4 {[%clk 0:01:56]} Nxc2
{[%clk 0:01:02]} 35. f4 {[%clk 0:01:58]} Bg7 {[%clk 0:00:59]} 36. g5
{[%clk 0:01:52]} hxg5 {[%clk 0:00:59]} 37. fxg5 {[%clk 0:01:53]} Ne3
{[%clk 0:00:59]} 38. Rh7 {[%clk 0:01:51]} Kf7 {[%clk 0:00:54]} 39. b4
{[%clk 0:01:11]} Kg6 {[%clk 0:00:55]} 40. Rh4 {[%clk 0:01:13]} Kxg5
{[%clk 0:00:52]} 41. Rf4 {[%clk 0:01:14]} Kg6 {[%clk 0:00:38]} 42. h4
{[%clk 0:01:08]} Bh6 {[%clk 0:00:33]} 43. h5+ {[%clk 0:01:04]} Kxh5
{[%clk 0:00:30]} 44. Rf7 {[%clk 0:01:05]} b5 {[%clk 0:00:18]} 45. axb5
{[%clk 0:01:06]} axb5 {[%clk 0:00:19]} 46. Rb7 {[%clk 0:01:07]} Nd1
{[%clk 0:00:17]} 47. Kxd4 {[%clk 0:01:06]} Be3+ {[%clk 0:00:16]} 48. Ke4
{[%clk 0:01:03]} Kg6 {[%clk 0:00:16]} 49. d4 {[%clk 0:01:04]} Kf6
{[%clk 0:00:16]} 50. d5 {[%clk 0:01:02]} Bg5 {[%clk 0:00:14]} 51. Rb6+
{[%clk 0:01:02]} Ke7 {[%clk 0:00:16]} 52. Ke5 {[%clk 0:01:02]} Nc3
{[%clk 0:00:12]} 53. Rb7+ {[%clk 0:01:03]} Kd8 {[%clk 0:00:12]} 54. Ke6
{[%clk 0:01:01]} Bf4 {[%clk 0:00:12]} 55. d6 {[%clk 0:01:00]} Bxd6
{[%clk 0:00:09]} 56. Kxd6 {[%clk 0:01:01]} Ne4+ {[%clk 0:00:10]} 57. Kc6
{[%clk 0:01:02]} Nc3 {[%clk 0:00:09]} 58. Rxb5 {[%clk 0:01:01]} Nxb5
{[%clk 0:00:10]} 59. Kxb5 {[%clk 0:01:02]} Kc7 {[%clk 0:00:12]} 60. Ka6
{[%clk 0:01:03]} 1-0

[Event "C14"]
[Site "?"]
[Date "2016.08.06"]
[Round "6.3"]
[White "Szpar, Milosz"]
[Black "Polczyk, Mikolaj"]
[Result "1-0"]
[LiveChessVersion "1.4.8"]
[BlackElo "1830"]
[WhiteElo "2000"]

1. e4 {[%clk 0:03:03]} c5 {[%clk 0:03:04]} 2. Nf3 {[%clk 0:03:05]} d6
{[%clk 0:03:05]} 3. d4 {[%clk 0:03:06]} cxd4 {[%clk 0:03:06]} 4. Qxd4
{[%clk 0:03:07]} Nc6 {[%clk 0:03:00]} 5. Bb5 {[%clk 0:03:08]} Nf6
{[%clk 0:03:00]} 6. Nc3 {[%clk 0:03:08]} Bd7 {[%clk 0:02:54]} 7. Bxc6
{[%clk 0:03:09]} Bxc6 {[%clk 0:02:44]} 8. Bg5 {[%clk 0:03:07]} h6
{[%clk 0:02:29]} 9. Bxf6 {[%clk 0:03:03]} gxf6 {[%clk 0:02:29]} 10. O-O-O
{[%clk 0:02:49]} e6 {[%clk 0:02:17]} 11. Qd3 {[%clk 0:02:40]} a6 {[%clk 0:02:05]}
12. Nd4 {[%clk 0:02:39]} Bd7 13. f4 Be7 {[%clk 0:02:02]} 14. f5 {[%clk 0:02:35]}
e5 {[%clk 0:01:31]} 15. Nde2 {[%clk 0:02:35]} Qa5 {[%clk 0:01:27]} 16. Kb1
{[%clk 0:02:33]} Rc8 {[%clk 0:01:20]} 17. Nd5 {[%clk 0:02:23]} Qc5
{[%clk 0:01:21]} 18. Nec3 {[%clk 0:02:20]} Bd8 {[%clk 0:01:18]} 19. Ne3
{[%clk 0:02:10]} Be7 {[%clk 0:01:15]} 20. Ncd5 {[%clk 0:02:09]} Bb5
{[%clk 0:01:02]} 21. Qd2 {[%clk 0:02:10]} Bc6 {[%clk 0:00:26]} 22. g4
{[%clk 0:02:02]} b5 {[%clk 0:00:25]} 23. h4 {[%clk 0:02:00]} Bb7 {[%clk 0:00:21]}
24. g5 {[%clk 0:01:50]} hxg5 {[%clk 0:00:22]} 25. hxg5 {[%clk 0:01:50]} Rxh1
{[%clk 0:00:18]} 26. Rxh1 {[%clk 0:01:51]} fxg5 {[%clk 0:00:18]} 27. f6
{[%clk 0:01:48]} Bd8 28. Qg2 {[%clk 0:01:35]} Kd7 {[%clk 0:00:14]} 29. Qg4+
{[%clk 0:01:23]} Kc6 {[%clk 0:00:15]} 30. Qxg5 {[%clk 0:01:23]} Ba8
{[%clk 0:00:09]} 31. Qf5 {[%clk 0:01:11]} Kb7 {[%clk 0:00:09]} 32. Qd7+ Kb8 33.
Rc1 {[%clk 0:01:02]} Bxd5 {[%clk 0:00:10]} 34. Nxd5 {[%clk 0:01:01]} Qa7
{[%clk 0:00:07]} 35. Qxd6+ {[%clk 0:00:57]} Bc7 {[%clk 0:00:09]} 36. Qe7
{[%clk 0:00:55]} Bb6 {[%clk 0:00:09]} 37. Qxe5+ {[%clk 0:00:55]} Bd4
{[%clk 0:00:10]} 1-0

[Event "C14"]
[Site "?"]
[Date "2016.08.06"]
[Round "6.4"]
[White "Szczurek, Krzysztof"]
[Black "Kozak, Antoni"]
[Result "0-1"]
[LiveChessVersion "1.4.8"]
[BlackElo "1772"]
[WhiteElo "1939"]

1. e4 {[%clk 0:03:02]} c6 {[%clk 0:03:04]} 2. c4 {[%clk 0:03:03]} d5
{[%clk 0:03:05]} 3. cxd5 cxd5 {[%clk 0:03:07]} 4. exd5 {[%clk 0:03:05]} Nf6
{[%clk 0:03:08]} 5. Nf3 {[%clk 0:03:06]} Nxd5 {[%clk 0:03:09]} 6. d4
{[%clk 0:03:07]} Nc6 {[%clk 0:03:06]} 7. Nc3 {[%clk 0:03:08]} e6 {[%clk 0:03:04]}
8. Bd3 {[%clk 0:03:06]} Be7 {[%clk 0:03:03]} 9. O-O {[%clk 0:03:05]} O-O
{[%clk 0:03:00]} 10. a3 {[%clk 0:03:06]} g6 {[%clk 0:02:52]} 11. Nxd5
{[%clk 0:03:00]} Qxd5 {[%clk 0:02:49]} 12. Be3 {[%clk 0:03:00]} Bf6
{[%clk 0:02:50]} 13. Bc2 {[%clk 0:02:58]} Rd8 {[%clk 0:02:39]} 14. Qb1
{[%clk 0:02:52]} Nxd4 {[%clk 0:02:18]} 15. Bxd4 {[%clk 0:02:44]} Bxd4
{[%clk 0:02:18]} 16. Nxd4 {[%clk 0:02:25]} Qxd4 {[%clk 0:02:19]} 17. Be4
{[%clk 0:02:11]} Qb6 {[%clk 0:02:14]} 18. Rd1 {[%clk 0:01:56]} Bd7
{[%clk 0:02:15]} 19. b4 {[%clk 0:01:43]} Bc6 {[%clk 0:02:16]} 20. Bxc6
{[%clk 0:01:40]} Qxc6 {[%clk 0:02:11]} 21. Qb2 {[%clk 0:01:31]} Qb6
{[%clk 0:02:08]} 22. h3 {[%clk 0:01:30]} Rxd1+ {[%clk 0:01:57]} 23. Rxd1
{[%clk 0:01:31]} Rd8 {[%clk 0:01:58]} 24. Rxd8+ {[%clk 0:01:24]} Qxd8
{[%clk 0:01:59]} 25. Qc3 {[%clk 0:01:24]} Qd5 {[%clk 0:01:57]} 26. Kh2
{[%clk 0:01:22]} a6 {[%clk 0:01:48]} 27. g3 {[%clk 0:01:10]} e5 {[%clk 0:01:49]}
28. Qc2 {[%clk 0:01:06]} Kg7 {[%clk 0:01:48]} 29. Qc3 {[%clk 0:01:05]} Qd4
{[%clk 0:01:48]} 30. Qc2 {[%clk 0:01:06]} b6 {[%clk 0:01:49]} 31. Kg2
{[%clk 0:01:04]} a5 {[%clk 0:01:20]} 32. bxa5 {[%clk 0:00:59]} bxa5
{[%clk 0:01:21]} 33. Qb1 {[%clk 0:00:59]} a4 {[%clk 0:01:17]} 34. Qc2
{[%clk 0:00:59]} Qd5+ {[%clk 0:01:15]} 35. Kh2 {[%clk 0:00:55]} Qd4
{[%clk 0:01:08]} 36. Kg2 {[%clk 0:00:48]} h6 {[%clk 0:01:09]} 37. Qe2
{[%clk 0:00:44]} h5 {[%clk 0:00:56]} 38. Qb5 {[%clk 0:00:39]} Kh6
{[%clk 0:00:48]} 39. Qe8 {[%clk 0:00:29]} Kg7 {[%clk 0:00:46]} 40. Qb5
{[%clk 0:00:29]} e4 {[%clk 0:00:40]} 41. Qe2 {[%clk 0:00:25]} Qd5
{[%clk 0:00:19]} 42. Kh2 {[%clk 0:00:23]} Qd3 {[%clk 0:00:19]} 43. Qb2+
{[%clk 0:00:22]} Kh7 {[%clk 0:00:17]} 44. Qf6 {[%clk 0:00:17]} Qf3
{[%clk 0:00:13]} 45. Qxf3 {[%clk 0:00:09]} exf3 {[%clk 0:00:14]} 46. g4
{[%clk 0:00:11]} hxg4 {[%clk 0:00:11]} 47. hxg4 {[%clk 0:00:12]} Kg7
{[%clk 0:00:12]} 48. Kg3 {[%clk 0:00:13]} Kf6 {[%clk 0:00:14]} 49. Kxf3
{[%clk 0:00:14]} Ke5 {[%clk 0:00:15]} 50. Ke3 {[%clk 0:00:15]} g5
{[%clk 0:00:14]} 51. Kd3 {[%clk 0:00:14]} Kf4 {[%clk 0:00:11]} 52. Kc4
{[%clk 0:00:15]} Kxg4 {[%clk 0:00:12]} 53. Kb4 {[%clk 0:00:17]} Kf3
{[%clk 0:00:13]} 54. Kxa4 {[%clk 0:00:18]} Kxf2 {[%clk 0:00:14]} 55. Kb4
{[%clk 0:00:20]} g4 56. a4 g3 {[%clk 0:00:17]} 57. a5 {[%clk 0:00:23]} g2
{[%clk 0:00:18]} 58. a6 {[%clk 0:00:24]} g1=Q {[%clk 0:00:18]} 59. a7
{[%clk 0:00:25]} Qa1 {[%clk 0:00:19]} 60. Ka4 0-1

[Event "C14"]
[Site "?"]
[Date "2016.08.06"]
[Round "6.5"]
[White "Pytel, Maciej"]
[Black "Dytman, Radoslaw"]
[Result "1/2-1/2"]
[LiveChessVersion "1.4.8"]
[BlackElo "1802"]
[WhiteElo "1783"]

1. e4 Nc6 2. d4 e5 3. d5 Nce7 4. Nf3 d6 5. Be2 f5 6. exf5 Bxf5 7. O-O Nf6 8. Nc3
Ng6 9. Bb5+ Bd7 10. Bxd7+ Qxd7 11. Ng5 Be7 12. Ne6 Nf8 13. Nxg7+ Kf7 14. Ne6 Nxe6
15. dxe6+ Qxe6 16. f4 e4 17. f5 Qc4 18. Bg5 Rad8 19. Bxf6 Bxf6 20. Qh5+ Ke7 21.
Nxe4 Bxb2 22. Rae1 Kd7 23. f6 Qd4+ 24. Kh1 Rdf8 25. Qf5+ Kd8 26. f7 Qe5 27. Ng5
Qxf5 28. Rxf5 Kd7 29. Ne6 Be5 30. Nxf8+ Rxf8 31. h3 Ke6 32. Ref1 c5 33. g4 b5 34.
h4 a5 35. g5 b4 36. h5 a4 37. g6 hxg6 38. hxg6 Rh8+ 39. Kg1 Bd4+ 40. Kg2 Rf8 41.
R5f4 Be5 42. Re4 Kd5 43. Rxe5+ Kxe5 44. g7 1/2-1/2

[Event "C14"]
[Site "?"]
[Date "2016.08.06"]
[Round "7.1"]
[White "Szpar, Milosz"]
[Black "Teclaf, Pawel"]
[Result "1/2-1/2"]
[LiveChessVersion "1.4.8"]
[BlackElo "2233"]
[WhiteElo "2000"]

1. e4 {[%clk 0:03:03]} e6 {[%clk 0:03:04]} 2. d4 {[%clk 0:03:05]} d5
{[%clk 0:03:05]} 3. Nc3 {[%clk 0:03:04]} Bb4 {[%clk 0:03:04]} 4. e5
{[%clk 0:03:05]} Qd7 {[%clk 0:03:05]} 5. Nf3 {[%clk 0:02:58]} b6 {[%clk 0:02:59]}
6. Bd2 {[%clk 0:02:50]} Ba6 {[%clk 0:02:54]} 7. Bxa6 {[%clk 0:02:49]} Nxa6 8. Qe2
Nb8 {[%clk 0:02:55]} 9. h4 {[%clk 0:02:45]} Ne7 {[%clk 0:02:39]} 10. h5
{[%clk 0:02:42]} c5 {[%clk 0:02:36]} 11. a3 {[%clk 0:02:42]} Bxc3
{[%clk 0:02:32]} 12. bxc3 {[%clk 0:02:40]} h6 {[%clk 0:02:25]} 13. a4
{[%clk 0:02:29]} Nbc6 {[%clk 0:02:21]} 14. Be3 {[%clk 0:02:24]} c4
{[%clk 0:02:15]} 15. Bc1 {[%clk 0:02:22]} Na5 {[%clk 0:02:11]} 16. O-O
{[%clk 0:02:18]} O-O-O {[%clk 0:01:59]} 17. Ba3 {[%clk 0:02:16]} g6
{[%clk 0:01:54]} 18. hxg6 {[%clk 0:02:02]} fxg6 {[%clk 0:01:53]} 19. Bb4
{[%clk 0:01:27]} Nec6 {[%clk 0:01:25]} 20. Qe3 {[%clk 0:01:10]} Nxb4
{[%clk 0:01:21]} 21. cxb4 {[%clk 0:01:11]} Nc6 {[%clk 0:01:22]} 22. c3
{[%clk 0:01:02]} Ne7 {[%clk 0:01:18]} 23. b5 {[%clk 0:01:00]} Kb7
{[%clk 0:01:01]} 24. a5 {[%clk 0:01:01]} Qxb5 {[%clk 0:00:54]} 25. Rfb1
{[%clk 0:01:01]} Qc6 {[%clk 0:00:53]} 26. Qd2 {[%clk 0:00:55]} Rb8
{[%clk 0:00:46]} 27. Qb2 {[%clk 0:00:40]} Kc7 {[%clk 0:00:41]} 28. Qa3
{[%clk 0:00:31]} Rh7 {[%clk 0:00:21]} 29. axb6+ {[%clk 0:00:24]} axb6
{[%clk 0:00:22]} 30. Qb4 {[%clk 0:00:25]} Nc8 {[%clk 0:00:18]} 31. Qf8
{[%clk 0:00:19]} Ne7 {[%clk 0:00:12]} 32. Ra7+ Rb7 33. Qa8 {[%clk 0:00:07]} Nc8
{[%clk 0:00:14]} 34. Rxb7+ {[%clk 0:00:07]} Qxb7 {[%clk 0:00:14]} 35. Qa3
{[%clk 0:00:08]} Rf7 {[%clk 0:00:11]} 36. Nd2 {[%clk 0:00:08]} Qc6
{[%clk 0:00:07]} 37. Rb4 {[%clk 0:00:05]} Kd7 {[%clk 0:00:07]} 38. Qb2
{[%clk 0:00:05]} Ke8 {[%clk 0:00:07]} 39. Nb1 {[%clk 0:00:06]} Kf8
{[%clk 0:00:08]} 40. Na3 Kg7 {[%clk 0:00:09]} 41. Nb5 {[%clk 0:00:08]} Qd7
{[%clk 0:00:09]} 42. Na3 {[%clk 0:00:09]} Qd8 {[%clk 0:00:10]} 43. Qe2
{[%clk 0:00:09]} Qg5 {[%clk 0:00:11]} 44. Rb1 {[%clk 0:00:07]} h5
{[%clk 0:00:12]} 45. Nc2 {[%clk 0:00:06]} h4 {[%clk 0:00:12]} 46. Ne3
{[%clk 0:00:07]} h3 {[%clk 0:00:14]} 47. g3 {[%clk 0:00:08]} Rf8 {[%clk 0:00:09]}
48. Kh2 {[%clk 0:00:09]} Rf7 {[%clk 0:00:07]} 49. Kxh3 {[%clk 0:00:07]} Rb7
{[%clk 0:00:07]} 50. Kg2 {[%clk 0:00:07]} b5 {[%clk 0:00:09]} 51. f4
{[%clk 0:00:08]} Qd8 {[%clk 0:00:09]} 52. Rh1 {[%clk 0:00:08]} Ne7
{[%clk 0:00:07]} 53. Qg4 {[%clk 0:00:09]} Kf7 {[%clk 0:00:05]} 54. Rh7+
{[%clk 0:00:08]} Kg8 {[%clk 0:00:06]} 55. Rh6 {[%clk 0:00:10]} Kg7
{[%clk 0:00:07]} 56. Qh3 {[%clk 0:00:10]} Qg8 {[%clk 0:00:08]} 57. Ng4
{[%clk 0:00:10]} Nf5 {[%clk 0:00:08]} 58. Nf6 {[%clk 0:00:10]} Nxh6
{[%clk 0:00:09]} 59. Nxg8 {[%clk 0:00:12]} Nxg8 60. Qxe6 b4 {[%clk 0:00:12]} 61.
cxb4 {[%clk 0:00:14]} c3 {[%clk 0:00:13]} 62. Qxd5 {[%clk 0:00:15]} Rc7
{[%clk 0:00:14]} 63. Qd6 {[%clk 0:00:14]} Rc4 {[%clk 0:00:14]} 64. Qd5
{[%clk 0:00:14]} Rc7 {[%clk 0:00:15]} 65. Qd6 {[%clk 0:00:08]} Rc4
{[%clk 0:00:16]} 66. Qd5 {[%clk 0:00:07]} 1/2-1/2